[Event "msr_zs_ss_201819"]
[Site "?"]
[Date "2019.03.27"]
[Round "7.11"]
[White "Kuzma, Samuel"]
[Black "Hudak, Jan"]
[Result "1-0"]
[WhiteElo "1394"]
[BlackElo "1000"]
[PlyCount "121"]
[EventDate "2019.??.??"]
[WhiteClock "0:07:23"]
[BlackClock "0:09:08"]

1. d4 d5 2. Bf4 Nc6 3. Nf3 Nf6 4. c3 e6 5. Nbd2 Bd6 6. Bxd6 Qxd6 7. e3 O-O 8.
Bd3 g6 9. O-O e5 10. dxe5 Nxe5 11. Nxe5 Qxe5 12. Nf3 Qd6 13. Qd2 Bg4 14. Be2 c6
15. Rad1 Ne4 16. Qc2 Bf5 17. Nh4 Qf6 18. Nxf5 Qxf5 19. Bd3 Qe5 20. Bxe4 Qxe4
21. Qxe4 dxe4 22. Rd4 Rfe8 23. Rfd1 c5 24. Rd7 b6 25. h3 a5 26. Rb7 Rab8 27.
Rdd7 Rxb7 28. Rxb7 Re6 29. Kf1 Rd6 30. Ke2 Kf8 31. a3 Ke8 32. h4 Rf6 33. Ra7
Kd8 34. b4 cxb4 35. cxb4 axb4 36. axb4 Kc8 37. Re7 Re6 38. Rxe6 fxe6 39. Kd2
Kd7 40. Kc3 Kc6 41. Kd4 b5 42. Kxe4 Kd6 43. f4 h5 44. Kd4 Kc6 45. Ke5 Kd7 46.
Kf6 Kd6 47. Kxg6 Kd5 48. Kxh5 Kc4 49. Kg5 Kxb4 50. h5 Ka4 51. h6 b4 52. h7 b3
53. h8=Q Ka3 54. Qa1+ Kb4 55. Qb2 Kc4 56. Kf6 Kb4 57. Kxe6 Kc4 58. g4 Kb4 59.
Kd5 Ka4 60. Kc5 Ka5 61. Qa3# 1-0

[Event "msr_zs_ss_201819"]
[Site "?"]
[Date "2019.03.27"]
[Round "7.12"]
[White "Surmaj, Jakub"]
[Black "Sekova, Olivia"]
[Result "0-1"]
[WhiteElo "1000"]
[BlackElo "1081"]
[PlyCount "60"]
[EventDate "2019.??.??"]
[WhiteClock "0:06:39"]
[BlackClock "0:04:15"]

1. e4 c5 2. d4 cxd4 3. Qxd4 Nc6 4. Qd3 Nf6 5. Nc3 g6 6. Nf3 Bg7 7. h3 d6 8. Be2
O-O 9. b3 Bd7 10. Be3 Qa5 11. O-O Ne8 12. Bd4 Nxd4 13. Nxd4 Rc8 14. Nd5 Bf6 15.
Rfc1 e6 16. Nxf6+ Nxf6 17. Qe3 Rc3 18. Qg5 Qxg5 19. Nf3 Qc5 20. Bd3 d5 21. e5
Ne4 22. a4 Qxf2+ 23. Kh2 Qg3+ 24. Kg1 Ng5 25. Kf1 Nxf3 26. gxf3 Qxf3+ 27. Ke1
f6 28. Kd2 Rcc8 29. Rf1 Qxh3 30. Kc1 Qxd3 0-1

[Event "msr_zs_ss_201819"]
[Site "?"]
[Date "2019.03.27"]
[Round "7.13"]
[White "Cedzo, Adam"]
[Black "Koska, Jiri"]
[Result "0-1"]
[WhiteElo "1468"]
[BlackElo "1328"]
[PlyCount "82"]
[EventDate "2019.??.??"]
[WhiteClock "0:00:18"]
[BlackClock "0:05:56"]

1. e4 e5 2. Nf3 Nc6 3. Bc4 Bc5 4. c3 Nf6 5. d4 exd4 6. cxd4 Bb4+ 7. Bd2 Bxd2+
8. Nbxd2 O-O 9. O-O d6 10. Re1 Bg4 11. h3 Bh5 12. Nf1 Bxf3 13. gxf3 Nh5 14. Qd2
Qh4 15. Nh2 Qxh3 16. Bf1 Qh4 17. Rac1 Rfe8 18. Ng4 Re6 19. d5 Rg6 20. dxc6 b6
21. Bg2 Nf6 22. Qf4 Nxg4 23. fxg4 Rxg4 24. Qf3 Re8 25. Re3 Re6 26. Qh3 Qg5 27.
Rcc3 Rh6 28. Qf3 Rg6 29. Kf1 Rxg2 30. Qf5 Rxf2+ 31. Qxf2 Rf6 32. Rf3 Qb5+ 33.
Ke1 Rxf3 34. Qxf3 Qxb2 35. Rd3 Qc1+ 36. Rd1 Qxc6 37. Qg4 Qc3+ 38. Kf2 Qc2+ 39.
Ke3 Qc3+ 40. Rd3 Qc1+ 41. Kd4 Qc5# 0-1

[Event "msr_zs_ss_201819"]
[Site "?"]
[Date "2019.03.27"]
[Round "7.14"]
[White "Jura, Michal"]
[Black "Gartner, Mikulas"]
[Result "1-0"]
[WhiteElo "1292"]
[BlackElo "1334"]
[PlyCount "111"]
[EventDate "2019.??.??"]
[WhiteClock "0:06:18"]
[BlackClock "0:03:03"]

1. e4 e5 2. Nf3 Nc6 3. Bb5 a6 4. Bxc6 dxc6 5. O-O Bd6 6. Nc3 Nf6 7. d3 O-O 8.
Bg5 h6 9. Bh4 Bg4 10. h3 Bh5 11. Re1 Re8 12. Re3 Bc5 13. Re1 Qd6 14. Bxf6 Qxf6
15. Na4 Ba7 16. c4 b5 17. cxb5 cxb5 18. Nc3 c6 19. a4 Bc5 20. axb5 axb5 21.
Rxa8 Rxa8 22. Qe2 Rd8 23. g4 Bg6 24. Rd1 h5 25. Nd2 hxg4 26. hxg4 Qf4 27. Qf3
Qxf3 28. Nxf3 b4 29. Na4 Bd6 30. Rc1 Rc8 31. Nb6 Rc7 32. Nc4 Bc5 33. Ncxe5 Bb6
34. Rxc6 Rxc6 35. Nxc6 b3 36. Nd2 f6 37. Nxb3 Bf7 38. Nd2 Kf8 39. Nc4 Bxc4 40.
dxc4 Ke8 41. Kf1 Kd7 42. Nb4 Kd6 43. Nd5 Bd4 44. b4 Ke5 45. f3 Ba7 46. c5 Kd4
47. Ke2 Kc4 48. c6 Bb8 49. c7 Bxc7 50. Nxc7 Kxb4 51. Ne6 g6 52. Nf8 g5 53. Nh7
Kc5 54. Nxf6 Kd6 55. Nh7 Ke5 56. Nxg5 1-0

[Event "msr_zs_ss_201819"]
[Site "?"]
[Date "2019.03.27"]
[Round "7.15"]
[White "Kovalcik, Marko"]
[Black "Mantic, Andrej"]
[Result "1/2-1/2"]
[WhiteElo "1244"]
[BlackElo "1000"]
[PlyCount "55"]
[EventDate "2019.??.??"]
[WhiteClock "0:01:02"]
[BlackClock "0:08:08"]

1. e4 e5 2. Nf3 Nc6 3. Bc4 Na5 4. Bb3 Nxb3 5. axb3 d6 6. Nc3 Bg4 7. h3 Bxf3 8.
Qxf3 Nf6 9. d3 Qd7 10. Bg5 O-O-O 11. Bxf6 gxf6 12. Qxf6 Be7 13. Qf3 Rhf8 14.
Rxa7 Qc6 15. Ra8+ Kd7 16. Qg4+ f5 17. Rxd8+ Kxd8 18. Qg7 fxe4 19. dxe4 Qc5 20.
O-O c6 21. Qxh7 d5 22. exd5 cxd5 23. Na4 Qxc2 24. Nb6 Qxb3 25. Qg6 Rf6 26. Qg8+
Rf8 27. Qg6 Rf6 28. Qg8+ 1/2-1/2

[Event "msr_zs_ss_201819"]
[Site "?"]
[Date "2019.03.27"]
[Round "7.16"]
[White "Knapova, Nicol"]
[Black "Obrocnikova, Viktoria"]
[Result "0-1"]
[WhiteElo "1061"]
[BlackElo "1232"]
[PlyCount "90"]
[EventDate "2019.??.??"]
[WhiteClock "0:00:09"]
[BlackClock "0:03:09"]

1. e4 e5 2. Nf3 Nc6 3. Bc4 Bc5 4. Nc3 Nf6 5. d3 d6 6. h3 Be6 7. Bb3 h6 8. Be3
Bb6 9. Ba4 O-O 10. g4 g5 11. Nd2 Nd4 12. Nf3 c6 13. Nb1 Bc5 14. c3 Nxf3+ 15.
Qxf3 b5 16. Bb3 Bxe3 17. Qxe3 d5 18. Nd2 d4 19. cxd4 Qxd4 20. Qxd4 exd4 21. Nf3
Bxb3 22. axb3 c5 23. Ra5 a6 24. Kd2 Rfe8 25. Re1 Nd7 26. h4 gxh4 27. Nxh4 Nb6
28. Nf5 Re6 29. f3 c4 30. bxc4 bxc4 31. Nxd4 Rd6 32. Kc3 cxd3 33. Kxd3 Rad8 34.
Rxa6 Rxd4+ 35. Ke3 Nc4+ 36. Kf4 Kg7 37. g5 hxg5+ 38. Kxg5 Ne5 39. Rf1 Rd3 40.
Kf5 Nxf3 41. Kg4 Nh4 42. Rg1 Ng2 43. Ra5 Rg8 44. Rg5+ Kh6 45. Rxg8 f6 0-1